How fifteen transnational corporations manage public affairs /

Bibliographic Details
Main Author: Dunn, S. Watson (Samuel Watson), 1918-1997
Other Authors: Cahill, Martin F., Boddewyn, J. J. (Jean J.)
Format: Book
Language:English
Published: Chicago : Crain Books, [1979]
Subjects:

MARC

Tag First Indicator Second Indicator Subfields
LEADER 00000cam a2200000 i 4500
001 in00000054739
005 20151008052108.0
008 790917s1979 ilu 00010 eng
010 |a  79052256  
020 |a 0872510395 
035 |a (OCoLC)05542493 
035 |9 AAH1648AM 
040 |a DLC  |c DLC  |d TXA  |d UtOrBLW 
049 |a TXAM  |c [1191688] 
050 0 0 |a HD59  |b .D86 
082 0 |a 659.2/8/9 
100 1 |a Dunn, S. Watson  |q (Samuel Watson),  |d 1918-1997. 
245 1 0 |a How fifteen transnational corporations manage public affairs /  |c S. Watson Dunn, with Martin F. Cahill and Jean J. Boddewyn. 
264 1 |a Chicago :  |b Crain Books,  |c [1979] 
264 4 |c ©1979 
300 |a xii, 115 pages ;  |c 23 cm. 
336 |a text  |b txt  |2 rdacontent 
337 |a unmediated  |b n  |2 rdamedia 
338 |a volume  |b nc  |2 rdacarrier 
500 |a "A University of Illinois survey of international business practice conducted under a Marsteller Foundation grant." 
650 0 |a Public relations  |v Case studies. 
650 0 |a International business enterprises  |v Case studies. 
700 1 |a Cahill, Martin F. 
700 1 |a Boddewyn, J. J.  |q (Jean J.) 
999 |a MARS 
999 f f |s 56c231b0-d71d-3d50-8bb5-2be64ed021a9  |i cfadd7c5-8248-38ae-819e-594b2fe40497  |t 0 
952 f f |p ric  |a Texas A&M University  |b Rellis Campus  |c Joint Library Facility  |d Remote Storage  |t 0  |e HD59 .D86  |h Library of Congress classification  |i unmediated -- volume  |m A14802631545 
998 f f |a HD59 .D86  |t 0  |l Remote Storage